Normal view MARC view
  • Hayat, Sikandar,

Entry Personal Name

Number of records used in: 3

001 - CONTROL NUMBER

  • control field: 5496

003 - CONTROL NUMBER IDENTIFIER

  • control field: NUST

005 - DATE AND TIME OF LATEST TRANSACTION

  • control field: 20171017115350.0

008 - FIXED-LENGTH DATA ELEMENTS

  • fixed length control field: 171017|| aca||aabn | a|a d

040 ## - CATALOGING SOURCE

  • Original cataloging agency: NUST
  • Transcribing agency: NUST

100 ## - HEADING--PERSONAL NAME

  • Personal name: Hayat, Sikandar,
  • Dates associated with a name: 1946-

670 ## - SOURCE DATA FOUND

  • Source citation: Work cat.: (NUST)0: Hayat, Sikandar, 1946-, The charismatic leader :
© 2023 Central Library, National University of Sciences and Technology. All Rights Reserved.